|
|
|
|
| LEADER |
00000nkmaa2200000 a 4500 |
| 001 |
vtls011976893 |
| 003 |
SK-MaSNL |
| 005 |
20260331212131.0 |
| 007 |
kh ao |
| 008 |
230802n au | |||0 k|ger |
| 035 |
|
|
|a urn:nbn:sk:snk-km00ejgw
|
| 035 |
|
|
|a urn:nbn:sk:snk-km45w0y
|
| 035 |
|
|
|a 11C63EF9-1601-4052-AFFB-A96CF1C8E770
|
| 040 |
|
|
|a SNKLA
|b slo
|c SNKLA
|e AACR2
|
| 041 |
0 |
|
|a ger
|
| 044 |
|
|
|a au
|c AT
|
| 100 |
1 |
|
|a Engel, Wilhelm,
|d 1824-1891
|4 pht
|9 193983
|
| 245 |
1 |
0 |
|a [Petrikovich, Ján]
|h grafika
|
| 260 |
|
|
|a [S.l.
|b s.n.
|c s.a.]
|
| 300 |
|
|
|a 1 fotografia
|b v hnedom tóne
|c 10 x 6 cm
|
| 520 |
2 |
|
|a Zobrazenie: Podobizeň vlastivedného pracovníka, múzejníka, publicistu, lekára Jána Petrikovicha (14.3.1846 Banská Bystrica-Radvaň - 22.5.1914 Martin).
|
| 600 |
1 |
7 |
|a Petrikovich, Ján,
|d 1846-1914
|2 SNKMA
|9 153076
|
| 655 |
|
7 |
|a portrétne fotografie
|2 SNKPH
|9 305796
|
| 852 |
7 |
|
|a Slovenská národná knižnica v Martine
|b Literárny archív
|
| 958 |
|
|
|a ZO
|
| 958 |
|
|
|a BLA
|
| 999 |
|
|
|c 952274
|d 954204
|
| 952 |
|
|
|a SNKLA
|b SNKLA
|c SNKLA_DEP
|y NEVYP
|7 0
|p 17A1311078
|o snkSP 25/3
|i snkLA 62/1955
|0 0
|1 0
|4 0
|d 2020-06-26
|f 1
|l 0
|r 2026-02-24 09:52:41
|w 2026-02-24
|